LEADER 01054nam a2200241 i 4500 001 000000161912 003 CaOOAMICUS 005 20231030135944.0 008 070601s1936 fr u000 u fre u 040 $aSeMil$bita 100 1 $aWeidlé, Wladimir.$0(OLS)http://semarc/name/42815 245 14$aLes abeilles d'aristée :$bessai sur le destin actuel des lettres et des arts /$cWladimir Weidlé. 264 1$aParis :$bDesclée de Brouwer & Cie,$c1936. 300 $a284 p. ;$c19 cm. 490 1 $aLes Îles 650 4$aLetteratura - Saggi.$0(OLS)http://semarc/subject/200 830 4$aLes îles.$0(OLS)http://semarc/title/41062 850 $aSeMil 852 $aSeMil$W1$xVenegono$y1$m1R I 68$j244032$B113289$CSeMilBibl$Z2$F123921 $81 961 $aVolume con frequenti e diffuse sottolineature (a matita) 996 $6245$aLes abeilles d'aristée :$bessai sur le destin actuel des lettres et des arts$9(OLS)http://semarc/title/145300 996 $6264$aParis :$bDesclée de Brouwer & Cie$9(OLS)http://semarc/publisher/30141 LEADER 01086nam a2200229 i 4500 001 000000075158 003 CaOOAMICUS 005 20240405164246.0 008 070702n it u000 u ita u 013 $a46330 040 $aSeMil$bita 100 1 $aBerni, Francesco,$d<1497-1535>.$0(OLS)http://semarc/name/4211 245 13$aLe rime :$be rime di poeti berneschi precedute dalla vita del Berni scritta dal Mazzucchelli /$cBerni. 260 $aMilano :$bIstituto Editoriale Italiano,$c199[?] 300 $a233 p., [1] p. di ritratto ;$c20 cm. 490 0 $aClassici Italiani. Novissima biblioteca. 2. Serie ;$v26. 830 0$aClassici Italiani. Novissima biblioteca. 2. Serie ;$v26.$0(OLS)http://semarc/title/23855 850 $aSeMil 852 $aSeMil$W1$xVenegono$y1$m1E II 21$j41310$B41310$CSeMilBibl$Z2$F41314 $81 996 $6245$aLe rime :$be rime di poeti berneschi precedute dalla vita del Berni scritta dal Mazzucchelli$9(OLS)http://semarc/title/121953 996 $6260$aMilano :$bIstituto Editoriale Italiano$9(OLS)http://semarc/publisher/31153